<?xml version="1.0" encoding="UTF-8"?>
<record
    xmlns:xsi="http://www.w3.org/2001/XMLSchema-instance"
    xsi:schemaLocation="http://www.loc.gov/MARC21/slim http://www.loc.gov/standards/marcxml/schema/MARC21slim.xsd"
    xmlns="http://www.loc.gov/MARC21/slim">

  <leader>01508nam a22002897a 4500</leader>
  <controlfield tag="005">20240530110507.0</controlfield>
  <controlfield tag="008">151013s2011    ua ab  g b    000 0 ara d</controlfield>
  <datafield tag="017" ind1=" " ind2=" ">
    <subfield code="a">2010/19573</subfield>
    <subfield code="b">&#x645;&#x635;&#x631; . &#x62F;&#x627;&#x631; &#x627;&#x644;&#x643;&#x62A;&#x628; &#x627;&#x644;&#x645;&#x635;&#x631;&#x64A;&#x629;</subfield>
  </datafield>
  <datafield tag="020" ind1=" " ind2=" ">
    <subfield code="a">9789773222751</subfield>
  </datafield>
  <datafield tag="040" ind1=" " ind2=" ">
    <subfield code="a">EG-CaGPL</subfield>
  </datafield>
  <datafield tag="082" ind1="0" ind2="4">
    <subfield code="2">21</subfield>
    <subfield code="a">968.7/</subfield>
    <subfield code="b">&#x627; &#x62A;</subfield>
  </datafield>
  <datafield tag="100" ind1="0" ind2=" ">
    <subfield code="a">&#x627;&#x644;&#x633;&#x64A;&#x62F; &#x641;&#x644;&#x64A;&#x641;&#x644;</subfield>
  </datafield>
  <datafield tag="245" ind1="1" ind2="2">
    <subfield code="a">&#x627;&#x644;&#x62A;&#x627;&#x631;&#x64A;&#x62E; &#x627;&#x644;&#x627;&#x62C;&#x62A;&#x645;&#x627;&#x639;&#x649; &#x648; &#x627;&#x644;&#x627;&#x642;&#x62A;&#x635;&#x627;&#x62F;&#x649; &#x644;&#x62C;&#x646;&#x648;&#x628; &#x627;&#x641;&#x631;&#x64A;&#x642;&#x64A;&#x627; :</subfield>
    <subfield code="b">&#x631;&#x62D;&#x644;&#x629; &#x627;&#x644;&#x627;&#x646;&#x633;&#x627;&#x646; &#x627;&#x644;&#x627;&#x641;&#x631;&#x64A;&#x642;&#x649; &#x645;&#x646; &#x627;&#x644;&#x639;&#x646;&#x635;&#x631;&#x64A;&#x629; &#x627;&#x644;&#x627;&#x648;&#x631;&#x628;&#x64A;&#x629; &#x627;&#x644;&#x649; &#x627;&#x644;&#x647;&#x64A;&#x645;&#x646;&#x629; &#x627;&#x644;&#x627;&#x645;&#x631;&#x64A;&#x643;&#x64A;&#x629;: 1853 - 2010 /</subfield>
    <subfield code="c">&#x627;&#x644;&#x633;&#x64A;&#x62F; &#x641;&#x644;&#x64A;&#x641;&#x644;</subfield>
  </datafield>
  <datafield tag="250" ind1=" " ind2=" ">
    <subfield code="a">&#x637;1</subfield>
  </datafield>
  <datafield tag="260" ind1=" " ind2=" ">
    <subfield code="a">&#x627;&#x644;&#x642;&#x627;&#x647;&#x631;&#x629; :</subfield>
    <subfield code="b">&#x639;&#x64A;&#x646; &#x644;&#x644;&#x62F;&#x631;&#x627;&#x633;&#x627;&#x62A; &#x648; &#x627;&#x644;&#x628;&#x62D;&#x648;&#x62B; &#x627;&#x644;&#x627;&#x646;&#x633;&#x627;&#x646;&#x64A;&#x629; &#x648; &#x627;&#x644;&#x627;&#x62C;&#x62A;&#x645;&#x627;&#x639;&#x64A;&#x629; &#x60C;</subfield>
    <subfield code="c">2011 .</subfield>
  </datafield>
  <datafield tag="300" ind1=" " ind2=" ">
    <subfield code="a">341 &#x635; :</subfield>
    <subfield code="b">&#x62E;&#x631;&#x627;&#x637; &#x61B;</subfield>
    <subfield code="c">24 &#x633;&#x645; .</subfield>
  </datafield>
  <datafield tag="504" ind1=" " ind2=" ">
    <subfield code="a">&#x64A;&#x634;&#x62A;&#x645;&#x644; &#x639;&#x644;&#x649; &#x627;&#x631;&#x62C;&#x627;&#x639;&#x627;&#x62A; &#x628;&#x628;&#x644;&#x64A;&#x648;&#x62C;&#x631;&#x627;&#x641;&#x64A;&#x629;</subfield>
  </datafield>
  <datafield tag="650" ind1="0" ind2="4">
    <subfield code="a">&#x645;&#x633;&#x62A;&#x639;&#x645;&#x631;&#x629; &#x631;&#x627;&#x633; &#x627;&#x644;&#x631;&#x62C;&#x627;&#x621; &#x627;&#x644;&#x635;&#x627;&#x644;&#x62D;</subfield>
  </datafield>
  <datafield tag="650" ind1="0" ind2="4">
    <subfield code="a">&#x645;&#x633;&#x62A;&#x639;&#x645;&#x631;&#x629; &#x631;&#x627;&#x633; &#x627;&#x644;&#x631;&#x62C;&#x627;&#x621; &#x627;&#x644;&#x635;&#x627;&#x644;&#x62D;</subfield>
    <subfield code="x">&#x627;&#x644;&#x627;&#x62D;&#x648;&#x627;&#x644; &#x627;&#x644;&#x627;&#x62C;&#x62A;&#x645;&#x627;&#x639;&#x64A;&#x629;</subfield>
  </datafield>
  <datafield tag="650" ind1="0" ind2="4">
    <subfield code="a">&#x645;&#x633;&#x62A;&#x639;&#x645;&#x631;&#x629; &#x631;&#x627;&#x633; &#x627;&#x644;&#x631;&#x62C;&#x627;&#x621; &#x627;&#x644;&#x635;&#x627;&#x644;&#x62D;</subfield>
    <subfield code="x">&#x627;&#x644;&#x627;&#x62D;&#x648;&#x627;&#x644; &#x627;&#x644;&#x627;&#x642;&#x62A;&#x635;&#x627;&#x62F;&#x64A;&#x629;</subfield>
  </datafield>
  <datafield tag="650" ind1="0" ind2="4">
    <subfield code="a">&#x645;&#x633;&#x62A;&#x639;&#x645;&#x631;&#x629; &#x631;&#x627;&#x633; &#x627;&#x644;&#x631;&#x62C;&#x627;&#x621; &#x627;&#x644;&#x635;&#x627;&#x644;&#x62D;</subfield>
    <subfield code="x">&#x627;&#x644;&#x646;&#x642;&#x644;</subfield>
  </datafield>
  <datafield tag="650" ind1="0" ind2="4">
    <subfield code="a">&#x627;&#x644;&#x62B;&#x648;&#x631;&#x629; &#x627;&#x644;&#x635;&#x646;&#x627;&#x639;&#x64A;&#x629;</subfield>
    <subfield code="z">&#x62C;&#x646;&#x648;&#x628; &#x627;&#x641;&#x631;&#x64A;&#x642;&#x64A;&#x627;</subfield>
  </datafield>
  <datafield tag="651" ind1="0" ind2="4">
    <subfield code="a">&#x62C;&#x646;&#x648;&#x628; &#x627;&#x641;&#x631;&#x64A;&#x642;&#x64A;&#x627;</subfield>
    <subfield code="x">&#x627;&#x644;&#x627;&#x62D;&#x648;&#x627;&#x644; &#x627;&#x644;&#x627;&#x62C;&#x62A;&#x645;&#x627;&#x639;&#x64A;&#x629;</subfield>
  </datafield>
  <datafield tag="651" ind1="0" ind2="4">
    <subfield code="2">&#x62C;&#x646;&#x648;&#x628; &#x627;&#x641;&#x631;&#x64A;&#x642;&#x64A;&#x627;</subfield>
    <subfield code="x">&#x627;&#x644;&#x627;&#x62D;&#x648;&#x627;&#x644; &#x627;&#x644;&#x627;&#x642;&#x62A;&#x635;&#x627;&#x62F;&#x64A;&#x629;</subfield>
  </datafield>
  <datafield tag="942" ind1=" " ind2=" ">
    <subfield code="2">ddc</subfield>
    <subfield code="c">BK</subfield>
  </datafield>
  <datafield tag="999" ind1=" " ind2=" ">
    <subfield code="c">61600</subfield>
    <subfield code="d">61600</subfield>
  </datafield>
  <datafield tag="952" ind1=" " ind2=" ">
    <subfield code="0">0</subfield>
    <subfield code="1">0</subfield>
    <subfield code="4">0</subfield>
    <subfield code="7">0</subfield>
    <subfield code="a">CAI</subfield>
    <subfield code="b">CAI</subfield>
    <subfield code="d">2015-10-13</subfield>
    <subfield code="l">0</subfield>
    <subfield code="o">968.7/ &#x627; &#x62A;</subfield>
    <subfield code="p">160929</subfield>
    <subfield code="r">2015-10-13 00:00:00</subfield>
    <subfield code="w">2015-10-13</subfield>
    <subfield code="y">BK</subfield>
  </datafield>
</record>
